| 000 | 00996nam a22003617a 4500 | ||
|---|---|---|---|
| 001 | BR9702759 | ||
| 003 | BR-BrBNA | ||
| 005 | 20230928095421.0 | ||
| 007 | ta | ||
| 008 | 230509b bl.||||| |||| 00| 0 por d | ||
| 040 |
_aBR-BrBNA _bpor _cBiblioteca Nacional de Agricultura |
||
| 041 | _a(Por) | ||
| 072 |
_aN20; E16 _b4500 |
||
| 090 | _ 4500 BR9702759 | ||
| 100 | 1 | _aCorrea, A.A.M. | |
| 110 | 1 |
_aUniversidade Federal Rural do Rio de Janeiro, Itaguai (Brasil) _0Tese (Livre Docencia) _911225 |
|
| 245 | 1 | _aFatores do custo do emprego de maquinas agricolas | |
| 260 | 3 |
_aItaguai, RJ (Brasil): _c1976. |
|
| 300 | _a62 p. | ||
| 500 | _a44 ref.; 25 tables | ||
| 650 | _aMaquina Agricola | ||
| 650 | _aCusto | ||
| 650 | _aPreco | ||
| 650 | _aManutencao | ||
| 650 | _aLubrificante | ||
| 650 | _aTecnologia Apropriada | ||
| 650 | _aTaxa | ||
| 650 | _aImposto | ||
| 650 | _aModelo Matematico | ||
| 650 | _aRio de Janeiro | ||
| 909 |
_a202309 _bLucia _c55 _dLucia Elande |
||
| 942 | _cBK | ||
| 999 |
_c56439 _d56439 |
||